[Event "EU-Cup 29th"]
[Site "Rhodes"]
[Date "2013.10.24"]
[Round "5.1"]
[White "Rusev, Krasimir"]
[Black "Pruijssers, Roeland"]
[Result "0-1"]
[WhiteElo "2556"]
[BlackElo "2529"]
[Annotator "Meulders,R"]
[PlyCount "66"]
[EventDate "2013.10.20"]
[EventType "team-swiss"]
[EventRounds "7"]
[EventCountry "GRE"]
[SourceTitle "CBM 157"]
[Source "ChessBase"]
[SourceDate "2013.11.12"]
[SourceVersion "1"]
[SourceVersionDate "2013.11.12"]
[SourceQuality "1"]
[WhiteTeam "Bologna"]
[BlackTeam "Apeldoorn"]
[WhiteTeamCountry "ITA"]
[BlackTeamCountry "NED"]

1. d4 f5 2. Bg5 g6 3. Nc3 Bg7 4. h4 h6 5. Bf4 Nf6 6. Qd3 (6. e3 d6 7. Qf3 Nh5 (
7... e6 8. O-O-O Nc6 9. Qg3 Ne7 10. Be2 Bd7 11. Bf3 Bc6 12. Bxc6+ bxc6 13. Nge2
O-O 14. f3 Qe8 15. e4 fxe4 16. fxe4 e5 17. Be3 $2 (17. dxe5 $14) 17... exd4 $6
(17... Nxe4 18. Nxe4 Nf5 19. Qf3 Nxd4 20. Nxd4 Rxf3 21. Nxf3 d5 $17) 18. Nxd4
Qd7 19. Qh3 Ng4 20. h5 c5 21. Nde2 Qc8 22. hxg6 Nxg6 {1-0 (22) Stefanova,A 
(2555)-Zysk,R (2436) Peristeri 2010}) (7... O-O 8. Bc4+ e6 9. Nge2 Nc6 10. a3
Kh7 11. Bg5 Qe8 12. Bxf6 Bxf6 13. O-O-O e5 14. Nd5 Bd8 15. Ba2 Be6 16. Kb1 Qf7
17. Ndc3 Bxa2+ 18. Nxa2 e4 19. Qh3 d5 20. f3 exf3 21. gxf3 $16 {1-0 (38)
Fressinet,L (2606)-Kindermann,S (2520) Germany 2002} Re8) 8. O-O-O c6 9. Bc4
Qa5 10. Bh2 Na6 11. Nge2 Bd7 12. g4 Nf6 13. gxf5 Bxf5 14. Qg2 (14. Rhg1 $16)
14... Nb4 15. Bb3 d5 16. a3 Na6 17. f3 $18 {1-0 (27) Bauer,C (2679)-Haub,T 
(2474) Cappelle la Grande 2012}) 6... d6 7. e4 O-O 8. exf5 Bxf5 9. Qd2 Nc6 $6 (
9... Kh7) 10. Nf3 $6 (10. Bxh6 $1 Nxd4 (10... Nb4 11. O-O-O Bxc2 12. Bxg7 Kxg7
13. Re1 Bf5 14. f3 $16) (10... e5 11. dxe5 dxe5 12. O-O-O Qxd2+ 13. Bxd2 Nd4
14. Bc4+ Kh7 15. Nf3 Nxf3 16. gxf3 $16) 11. O-O-O (11. Bc4+) 11... Bxh6 12.
Qxh6 Ng4 13. Qd2 e5 14. Bc4+ Kg7 15. Nf3 c5 16. h5 $16) (10. O-O-O) 10... Ng4 (
10... Nb4) (10... Kh7 $1) 11. O-O-O (11. Bc4+) 11... e6 12. Bg3 $2 (12. a3 $1)
12... Nb4 13. a3 Nxc2 14. Bd3 Na1 15. Qe1 (15. Qe2 Nb3+ 16. Kc2 Na5 17. Bxf5
exf5 18. Qe6+ Kh8 19. Ng5 Qe8 20. Nd5 $11) 15... Qd7 16. Kb1 Nb3 $17 17. Ne2 a5
18. Nf4 Rfe8 (18... e5 $1 19. Nxg6 Rfe8 20. Qc3 (20. dxe5 $2 Nc5 $19) 20...
Nxd4 $17) 19. Nxg6 b5 $6 (19... Nxd4 20. Nxd4 Bxd4 $17) 20. Qc3 a4 $17 21. Qc2
Rab8 $2 {This throws away the advantage. Black should have kept the e-line
closed. White immediately seizes his chance.} (21... Bxd3 $1 22. Qxd3 (22. Rxd3
) 22... Rab8 $17) 22. Bxf5 (22. Nf4) 22... exf5 23. Rhe1 $1 b4 24. axb4 $4 {
And this gives it all away again. The difference in this line, is that after
Rxe8 Qxe8 White can no longer take on c7, since the black rook is now on b4
instead of b8.} (24. Rxe8+ $1 Rxe8 (24... Qxe8 25. Qxc7 bxa3 26. Ne7+ Kh7 27.
Bxd6 Nxf2 28. Qxb8 Qxb8 29. Bxb8 Nxd1 30. bxa3 Nxd4 31. Nxd4 Bxd4 32. Nxf5 Bc5
33. Bd6 Bxd6 34. Nxd6 Ne3 35. g3 Kg6) 25. axb4 $14) 24... Rxb4 25. Rxe8+ Qxe8
26. Qxf5 a3 $1 27. Qc8 $4 (27. Qxg4 Qe2 28. Ne7+ Qxe7 29. Qc8+ Bf8 30. Qg4+ Kh8
31. Qf5 c6 $19) 27... Qxc8 28. Ne7+ Kf7 29. Nxc8 Nxd4 30. Nxd4 Bxd4 31. b3 Nxf2
32. Rf1 $2 (32. Bxf2 Bxf2 33. Rf1 Rxb3+ 34. Ka2 Rb2+ 35. Kxa3 Rd2 36. Na7 Ke6
37. Nb5 c6 38. Nc7+ Kd7 39. Na6 Bxh4 $19) 32... Rxb3+ 33. Ka2 Rxg3 0-1

[Event "EU-ch 15th"]
[Site "Yerevan"]
[Date "2014.03.11"]
[Round "8"]
[White "Kalashian, David"]
[Black "Khismatullin, Denis Rimovich"]
[Result "1-0"]
[WhiteElo "2380"]
[BlackElo "2714"]
[Annotator "Meulders,R"]
[PlyCount "71"]
[EventDate "2014.03.03"]
[EventType "swiss"]
[EventRounds "11"]
[EventCountry "ARM"]
[SourceTitle "CBM 160"]
[Source "ChessBase"]
[SourceDate "2014.05.15"]
[SourceVersion "1"]
[SourceVersionDate "2014.05.15"]
[SourceQuality "1"]

1. d4 f5 2. Bg5 g6 3. Nc3 d5 4. h4 Bg7 5. Nf3 c6 6. e3 Nd7 7. Bd3 Qb6 8. Rb1
Ngf6 {I think that when as Black you can play the liberating ...e5 without
serious objections, you should always do so:} (8... e5 9. dxe5 Nxe5 10. Nxe5
Bxe5 11. h5 Qc7 12. Ne2 h6 13. Bf4 g5 14. Bxe5 Qxe5 15. Qd2 Nf6 16. Qc3 Ng4 $1
$11) 9. h5 Ng4 (9... Ne4 10. hxg6 hxg6 11. Rxh8+ Bxh8 12. Bxe4 fxe4 (12... dxe4
{Polgar,Zsu} 13. Nh4 Nf8 (13... Kf7 14. Nxf5 $1 gxf5 15. Qh5+ $18) 14. Nxg6 $1
Nxg6 15. Qh5 Kf7 (15... c5 16. Nd5 Qd6 17. Nxe7 Kf7 18. Qh7+ Bg7 19. Qg8#) 16.
Qh7+ Bg7 17. Bh6 $18) 13. Nh4 Kf7 14. Qg4 (14. Bxe7 $6 {Polgar,Zsu} Bf6 15.
Bxf6 Nxf6 16. f4 (16. g3 $2 g5 $17) 16... Bg4 17. Qd2 Rh8 18. Qf2 (18. g3 Bf3)
18... c5 $1 {with compensation}) 14... Nf8 (14... Nf6 {Polgar,Zsu} 15. Qf4 Be6
16. f3 $16) 15. Qg3 (15. Qf4+ {Polgar,Zsu} Bf6 16. Bxf6 exf6 17. Qh6 g5 18. Ng6
Bf5 (18... Nxg6 19. Qh7+ Ke6 20. Qg8+ Ke7 21. Qg7+ Ke6 22. Qxg6 Bd7 23. Qh7 Qd8
24. Kd2 Qh8 25. Rh1 Qxh7 26. Rxh7 Re8 $10) 19. Nh8+ Ke6 20. Qg7 Nd7 21. Nf7 $18
) 15... Be6 16. Bh6 (16. f3 {Polgar,Zsu} c5 17. fxe4 cxd4 18. Nxd5 Bxd5 19.
exd5 $10) 16... Bf6 $1 $10 17. Bxf8 $2 g5 $1 $17 18. Bh6 gxh4 19. Qh2 c5 $1 20.
Ne2 Qa5+ 21. Kf1 Qxa2 $19 22. Re1 Qxb2 23. Bf4 h3 24. gxh3 Rh8 25. Ng1 cxd4 26.
Be5 Qxc2 27. Bxf6 exf6 28. exd4 Qd3+ {0-1 (28) Polgar,Z (2510)-Beliavsky,A 
(2640) Munich 1991 CBM 023 [Schussler]}) 10. hxg6 hxg6 11. Rxh8+ Bxh8 12. Ke2
Nf8 (12... e5 $2 13. Qh1 Bg7 14. Qh7 Kf7 15. Bh4 $18) 13. Qh1 Bg7 14. Qh4 e5
15. dxe5 Nxe5 16. Nxe5 Bxe5 17. Bf6 Qc7 $6 (17... Bxf6 $1 18. Qxf6 Qd8 $11) 18.
Rh1 $1 Kf7 $2 {It was still not too late to exchange the bishop and swing the
queen over to the defence. The black king is far too exposed.} (18... Bxf6 $1
19. Qxf6 Qe7 20. Qd4 Be6 21. Kf1 c5 22. Qe5 O-O-O 23. Rh8 Qc7 24. Qf6 Qf7 25.
Qh4 Qg7 {with equal chances.}) 19. Bh8 $1 $14 {A strong move. Black is behind
in development, so White avoids exchanges and tries to open up the position to
expose the black king.} Bd7 $2 (19... Bxh8 20. Qxh8 Qd6 21. Kd1 Bd7 22. Kc1 Re8
23. Qd4 b6 24. Kb1 Qe5 25. Qh4 $14) 20. g4 $1 Bxh8 (20... fxg4 $4 21. Bxg6+ $1
Nxg6 22. Qh7+ Kf8 23. Qxg6 Qd6 24. Bg7+ Ke7 25. Qg5+ Bf6 26. Bxf6+ Qxf6 27.
Rh7+ $18) 21. Qxh8 Re8 22. gxf5 gxf5 23. Qh5+ Kf6 $2 {The losing move} (23...
Ke7 $1 24. Qg5+ Kf7 25. Bxf5 Bxf5 26. Qxf5+ Ke7 27. Kd1 Kd8 28. Ne2 $16 {
White has a tangible advantage, but still quite some work to do.}) 24. Bxf5 $1
$18 {Still exploiting Black's backward development, which here leaves the rook
unprotected if he recaptures on f5.} Qd6 25. Rg1 (25. Bxd7 $1 Qxd7 26. Rg1 Ne6
27. Qh4+ Kf5 28. f4 Qf7 29. e4+ $1 dxe4 30. Ke3 $1 Rg8 31. Nxe4 $1 Rxg1 32.
Nd6+ Kg6 33. f5+ $1 Qxf5 34. Nxf5 $18) 25... Ke7 26. Qh4+ Kf7 27. Bg6+ (27.
Bxd7 $1 Qxd7 28. Qf4+ Ke6 29. Qh6+ Ke7 30. Rg7+ Kd8 31. Qf6+ Kc8 32. Rxd7 Nxd7
33. Qd4 $18) 27... Qxg6 28. Rxg6 Kxg6 29. Kd2 Ne6 30. Ne2 Rf8 31. f4 Rf6 32. b4
Ng7 33. Qh8 Rf7 34. Nd4 Bg4 35. Qh4 Bf5 36. Nf3 {Though Black lost this game,
it's clear it required quite a lot of bad moves to do so.} 1-0

[Event "Bundesliga 1415"]
[Site "Germany"]
[Date "2015.02.21"]
[Round "10.6"]
[White "Renner, Christoph"]
[Black "Smerdon, David"]
[Result "0-1"]
[WhiteElo "2375"]
[BlackElo "2506"]
[Annotator "Meyer,CD"]
[PlyCount "54"]
[EventDate "2014.10.18"]
[EventType "team-tourn"]
[EventRounds "15"]
[EventCountry "GER"]
[SourceTitle "CBM 165"]
[Source "ChessBase"]
[SourceDate "2015.03.11"]
[SourceVersion "1"]
[SourceVersionDate "2015.03.11"]
[SourceQuality "1"]
[WhiteTeam "Bayern Muenchen"]
[BlackTeam "Werder Bremen"]
[WhiteTeamCountry "GER"]
[BlackTeamCountry "GER"]

{Als gewiefter Taktiker, der sich gerne auf scharfe, zweischneidige Gefechte
einlässt, zeigte sich einmal mehr Werders australischer Newcomer GM David
Smerdon. Dass sein bayrischer Gegner IM Christoph Renner gerade in dieser
Partie mit offenem Visier kämpfte, indem er sich zu einem riskanten Aufbau mit
heterogenen Rochaden entschloss, war vermutlich keine geeignete Wahl.} 1. d4 e6
2. Bf4 $5 {Vermeidet die ins klassische Holländische (2.c4 f5 bzw. 2.Nf3 f5)
oder Französische (2.e4 d5) führenden Übergänge, wie sie schon des Öfteren vom
Nachziehenden praktiziert wurden.} b6 3. e3 Bb7 4. Nf3 f5 {Also über Umwege
doch Holländisch, was hier eine gute Option ist.} 5. Bd3 Nf6 6. Nbd2 {Diese
ungewöhnliche Eröffnung (Holländisch unorthodox) wird eher über die Zugfolge 1.
d4 f5 2.Bf4 Nf6 3.e3 e6 4.Nf3 b6 5.Bd3 Bb7 6.Nbd2 erreicht.} g6 $5 {Mit einem
seltenen Doppelfianchetto krönt Schwarz die insgesamt etwas bizarr anmutende
Eröffnungsbehandlung. Bei den folgenden interessanten Alternativen attackiert
Weiß - ebenso wie in unserer Partie - mit frühem h3 nebst g4 am Königsflügel:}
({I} 6... Be7 7. h3 O-O 8. c3 (8. g4 $5) 8... Ne4 9. Rg1 c5 10. g4 $5 cxd4 11.
gxf5 Nc5 12. Bb1 dxc3 13. bxc3 Rxf5 14. Nd4 (14. Bxf5 exf5 15. Qc2 Be4 16. Nxe4
fxe4 $44) 14... Rxf4 $1 15. exf4 Qe8 16. Qg4 Bf6 17. Nb5 Qe7 $4 (17... Nc6 18.
Nd6 Qb8 (18... Qf8 19. Nxb7 Nxb7 20. Qh5 h6) 19. Nxb7 (19. Bxh7+ Kxh7 20. Qh5+
Kg8 21. Qf7+ Kh8 22. Qh5+ $11) 19... Qxb7 20. Qh5 h6 21. Rg3 Nd4 $1 $13) 18.
Qh5 g6 19. Bxg6 $1 $18 hxg6 20. Rxg6+ Bg7 21. Ke2 Ba6 22. Rag1 Bxb5+ 23. c4 {
, 1:0/46, Khenkin,I (2597) - Meister,P (2407), Bad Liebenzell 2010}) ({II} 6...
c5 7. h3 Nc6 8. c3 d5 9. g4 $5 Ne4 $6 (9... Bd6) 10. gxf5 exf5 11. Bb5 Bd6 12.
Qa4 Qc7 13. Ne5 Bxe5 $2 (13... Nxd2 14. Bxc6+ Bxc6 15. Nxc6 Nf3+ 16. Ke2 Bxf4
17. Ne5+ Ke7 18. Nxf3 Bd6 $14) (13... Rc8 $6 14. Nxe4 fxe4 15. c4 $1) 14. Bxe5
Qd7 15. Nxe4 fxe4 16. Bxg7 $16 {, 1:0/31, Neverov,V (2500) - Pasiev,R (2313),
St. Petersburg 2011} (16. Rg1 $142 $1 Rg8 17. dxc5 bxc5 18. Bf4 a6 19. Be2 $16)
) 7. Qe2 ({Ruhig und solide ist ein Aufbau mit kurzer weißer Rochade, etwa} 7.
O-O Bg7 8. Qe2 O-O 9. c4 $13 {/=, 1:0/27, San Marco,J (2123) - Cantero Rey,J 
(1920), Paris 2003}) 7... Bg7 8. h3 O-O 9. g4 $5 {Mit diesem forschen,
kampflustigen Flankenvorstoß strebt Weiß rasche Linienöffnung am Königsflügel
an.} d6 ({Oder z.B.: I} 9... Nd5 10. Bg5 Qe8 11. c3 d6 12. O-O-O Nd7 $13) ({
II Ein Reinfall ware} 9... fxg4 $6 10. hxg4 Nxg4 $2 {wegen} 11. Rxh7 $1 {
mit durchschlagendem Angriff:} Rxf4 (11... Kxh7 12. Ng5+ Kg8 13. Qxg4 $40 {+-})
12. exf4 Kxh7 13. Ng5+ Kg8 14. Qxg4 Qf6 15. c3 Nc6 16. Qh4 Ne7 17. Nc4 $1 Nf5 (
17... Nd5 18. Ne5) 18. Qh7+ Kf8 19. Ne5 Ke8 20. Bxf5 gxf5 21. O-O-O $18) 10.
O-O-O Qe7 11. gxf5 {Womöglich ist dieser Tausch etwas voreilig, da in diesem
Stadium die halboffene g-Linie weniger nützlich als die halboffene e-Linie
erscheint.} ({Eine prüfenswerte Alternative mag beispielsweise} 11. Bg5 {sein:}
Nbd7 (11... h6 $6 12. Bxf6 Qxf6 13. Rhg1 $1 fxg4 $4 (13... Nc6 $142 14. g5 hxg5
15. Rxg5 $14) (13... g5 $2 14. h4 $3) 14. Rxg4 Bxf3 15. Nxf3 Qxf3 16. Qxf3 Rxf3
17. Be4 $18) 12. Bc4 $13 (12. Kb1 $13) (12. Rhg1 $13)) 11... exf5 12. h4 $2 {
Ein verfehlter Bauernvorstoß, der sich nur als unnötige Schwächung und
Zeitverlust erweist, zumal der Hebel h4-h5 nicht zu realisieren ist. Dadurch
verdirbt sich Weiß sein Eröffnungskonzept, während er durchaus andere
chancenreiche Möglichkeiten hatte, z.B.:} ({I} 12. Rhg1 Nh5 (12... d5 $2 13.
Ne5 $1) (12... a6 13. Bc4+ Kh8 $6 (13... d5 $2 14. Bd3 c5 (14... Kh8 15. Ne5) (
14... Ne4 $2 15. h4 $1 {/\h5} Nd7 (15... Nf6 16. Ne5 $16) 16. h5) 15. Bxf5 $5 (
15. Ne5 $5)) 14. Ng5 (14. Rxg6 $5 {Eine Computer-Variante im Talschen Stile,
das Turmopfer gibt Weiß brandgefährliche Kompensation!} hxg6 15. Nh4 Kh7 16.
Rg1 Qe8 (16... Qd7 $6 17. Nxg6 Nc6 18. Nf3 $44) 17. Nxg6 Qxg6 (17... Nbd7 18.
Nf3 Rg8 19. Ng5+ Kxg6 20. Bf7+ Qxf7 21. Ne4+ Kh7 22. Ng5+ Kg6 23. Ne4+ $11) 18.
Rxg6 Kxg6 19. Nf3 $44) 14... Nc6 (14... b5 15. Bb3 $13) 15. Ne6 Rfe8 16. Nxg7
Qxg7 17. Qf1 $13) 13. Bg5 Qe6 14. Kb1 $13) ({II} 12. Bg5 Nbd7 13. Rhg1 $13)
12... Nh5 $1 {Schon beginnt Schwarz, die Initiative an sich zu reißen.} 13. Bh2
({Auch nach} 13. Bg5 Qf7 14. Rhg1 Re8 (14... h6 $4 15. Bxh6 $1 Bxh6 16. Bc4 Bd5
17. Rxg6+ $18) 15. Bc4 d5 16. Bd3 Nd7 (16... h6 $6 17. Bxh6 $1 Bxh6 18. Ne5
Rxe5 19. dxe5 Kh8 20. Nf3 {/\Ng5~~}) 17. Ba6 Bxa6 18. Qxa6 c5 {wird Weiß in
die Defensive gedrängt.}) 13... Nd7 (13... a6) 14. Ba6 ({Ebenso bescheidene
Fortsetzungen für Weiß sind: I} 14. Bc4+ Kh8 15. Rhe1 Ndf6 16. Ba6 Bxa6 17.
Qxa6 Ng4 $15) ({II} 14. Rhe1 Ndf6 15. Ba6 Bxa6 16. Qxa6 Rae8 $15) 14... Bxa6
15. Qxa6 Ndf6 $15 16. Qc4+ (16. Rhe1 Ng4 17. Bg1 d5 $15) 16... Kh8 17. Ng5 Rae8
({Auch in Betracht kam} 17... Ng4 18. Bg1 c5 19. Kb1 (19. f3 Ng3) 19... cxd4
20. exd4 Rae8) 18. f3 $2 {Wiederholt zeigt der Anziehende in dieser Partie
kein gutes Geschick bei der Bauernführung.} ({Das geringe Übel war} 18. d5 $142
b5 19. Qd3 Ng4 20. Bg1 Qf6 $15) 18... c5 $2 ({Der einzige Fehler des
australischen Haudegens, während nach} 18... h6 $142 19. Nh3 Qxe3 20. Qxc7 Rc8
21. Qxd6 Qd3 22. c3 Rfd8 23. Qe6 Nd5 24. Nb3 Qxf3 $17 {der schwarze Vorteil
evident wäre.}) 19. dxc5 ({Schwer zu entscheiden, aber vielleicht verdiente} 
19. d5 {den Vorzug, z.B.} f4 (19... b5 20. Qb3 $13) 20. Bxf4 $5 (20. e4 $2 Ng3
$1 21. Rhe1 b5 $1 22. Qb3 (22. Qxb5 $2 Nxd5 $1) 22... c4 $1 23. Qxb5 Rb8 24.
Qxc4 Nd7 25. Nb3 Ne5 26. Qa4 h6 27. Ne6 Nxf3 28. Bxg3 fxg3 29. Re2 Rf7 30. Nxg7
Kxg7 31. Nd4 Nxh4 $17) 20... Nxf4 21. exf4 b5 22. Qb3 a5 $5 $40 {~~}) 19... d5
$1 {Mit feinem Gespür für die Initiative stellt Weiß hiermit die größten
Probleme.} ({I} 19... dxc5 20. Qb3 h6 (20... Qxe3 $2 21. Bd6 $1) 21. Nc4 $1
hxg5 22. Bd6 Qe6 23. Bxf8 Bxf8 24. hxg5 Nd5 25. f4 $13) ({II} 19... bxc5 20.
Nb3 h6 21. Bxd6 Qxe3+ 22. Kb1 hxg5 23. Bxf8 Bxf8 24. hxg5 Nh7 $13) 20. Qa6 $2 {
"Knapp vorbei ist auch daneben". Dies ist die kritische und schwierige Phase,
in der die Partie endgültig zugunsten des Nachziehenden kippt. Erforderlich war
} (20. Qb5 $142 bxc5 21. Qc6 $5 {, z.B.} Qxe3 22. Bd6 Rc8 23. Qa6 Rfe8 24. Be5
c4 25. Rhe1 Qc5 26. Nb1 $5 $13) 20... Qxc5 $1 $40 {-/+ Schwarz ist wieder am
Drücker und lässt von nun an auch nicht mehr locker.} ({Bloß nicht} 20... bxc5
$2 {wegen} 21. Bd6) 21. Kb1 ({Oder} 21. Qxa7 {und nun:} h6 $1 (21... Ra8 $6 22.
Qb7 $5 Rxa2 (22... Rfc8 23. c3 Rxa2 24. Ne6) 23. Nb3 $1) 22. Nh3 (22. Nf7+ Kh7
23. Nd6 (23. Ne5 Ra8 $17) 23... Ra8 $17) 22... Rxe3 $17) 21... h6 22. Nh3 $6 {
Danach wird der einst so aktive Springer am Rande verkümmern.} ({Zähere
Gegenwehr leistete} 22. Nb3 Qxe3 23. Bd6 hxg5 24. Bxf8 Rxf8 25. hxg5 {,
wenngleich nach dem weiteren} Nh7 26. Rhe1 Qxf3 27. Qxa7 Nxg5 28. Qxb6 Kh7 $17
{, z.B.} 29. Rd3 Qf4 30. Rxd5 Ne4 {der schwarze Vorteil unstrittig ist.}) 22...
Qxe3 23. Qxa7 f4 $1 $17 {Schwarz sperrt auch den feindlichen Läufer aus und
vergrößert sein aktives Übergewicht.} 24. a3 $2 {In schwer bedrängter Lage
läuft der Anziehende seinem Gegner ins Messer. Andere Versuche:} ({I} 24. Qc7
$5 Ng8 $1 $17 {, z.B.} 25. Qd7 Qd4 26. Qb5 Re2 27. c3 Qe5) ({II} 24. Nb3 $2 Ng3
$1 25. Rhg1 Nfh5 $19) ({III} 24. Bg1 $4 Qxd2 $19) 24... Qe5 $1 $40 {-+ Da nun
25.c3?? beispielsweise an 25...Qf5+ nebst ...Qxh3 scheitern würde, droht Weiß
großes Ungemach auf der langen Schrägen gen b2.} 25. Nb3 ({Oder: I Nach} 25.
Qa4 {drängt die Abwicklung} Ne4 $1 26. Qb4 Neg3 $1 27. Rhg1 Qe2 28. Bxg3 fxg3 {
Weiß in eine positionelle Misere, in der der schwarze Freibauer auf g3
schlicht zu stark ist, z.B.:} 29. Rgf1 (29. Qg4 Kh7 30. Rgf1 Re6 31. Rc1 Qb5
32. Nb3 (32. Qb4 Qxb4 33. axb4 Re2 $19) 32... Re4 33. f4 Qe2 34. Qxe2 Rxe2 35.
Ng1 Re3 36. Rfd1 Nxf4 $19) 29... Qe5 30. f4 (30. Rg1 Qf5 31. Qg4 Re2 32. Qxf5
Rxf5 33. Rge1 Rxe1 34. Rxe1 Re5 35. Rd1 (35. Rxe5 Bxe5 $19) 35... Re2 $19)
30... Qf5 31. Ng1 Nxf4 $19) ({II Ein Feuerwerk brennt der Angreifer nach} 25.
Nf2 Ne4 $1 26. Nd3 Nc3+ $1 {ab:} 27. Kc1 (27. Ka1 Qd6 28. Nb1 (28. Rde1 Nb5 29.
Qa6 Ra8 $19 30. Qxb5 Qxa3+ 31. Kb1 Qa1#) 28... Ra8 29. Qb7 Nb5 {/\Ra7-+}) (27.
bxc3 Qxc3 28. Nb3 (28. Kc1 Rc8 $19 29. Qa4 Qxd3) 28... Re2 29. Rc1 Rc8 30. Qd7
Kh7 {/\Rxc2-+}) 27... Ne2+ 28. Kb1 Qf6 29. Qa4 Re3 30. Qb4 (30. Qb3 Nhg3 31.
Rhe1 (31. Bxg3 fxg3 $19) 31... Nd4 32. Qb4 (32. Qc3 Nge2 33. Qc7 Nb5 $19) 32...
Nxc2 33. Qxf4 (33. Kxc2 Rc8+ 34. Kb1 Rxd3 $19) 33... Rxe1 34. Rxe1 (34. Qxf6
Rxd1+ 35. Kxc2 Rxd2+ 36. Kxd2 Nf1+ $19) 34... Nxe1 35. Qxf6 Rxf6 36. Nxe1 Nf5
$19) 30... Rc8 31. Bg1 Qc6 32. Bxe3 (32. Qb3 Nd4 $19) 32... Qxc2+ 33. Ka1 fxe3
$19 (33... Qxd3 $19)) 25... Ne4 $1 26. Rd4 $4 {Ein furchtbarer Fauxpas, der
sicherlich der Zeitnot geschuldet ist und Haus und Hof einstellt.} ({Indes
nach der erforderlichen Fortsetzung} 26. Nd4 {(freilich auch nicht 26.c3??
wegen ...Nxc3+-+) erwidert Schwarz} Neg3 $1 {, und nach} 27. Bxg3 (27. Rhg1 {
büßt wegen} Nf5 $1 28. c3 Nxd4 29. cxd4 Qf5+ {den Unglücksspringer auf h3 ein.}
) 27... fxg3 {mutiert der Bauer f4 - hinter den Kulissen - wieder zum
mächtigen Freibauern auf g3:} 28. Rhg1 (28. c3 g2 29. Rhg1 Qg3 30. Qd7 Bxd4 31.
Rxd4 Nf6 32. Qb5 Qxh3 $19) (28. Rd2 Rxf3 29. Rhd1 (29. Qxb6 g2 $19) 29... g2
30. Rxg2 Rf1 31. Rgd2 (31. Rg1 Qxd4 $19) (31. Rxf1 Qxd4 32. c3 Qd3+ {-xf1+-+})
31... Qe3 $1 {und zu böser Letzt geht jeweils der Nh3 baden:} 32. Rxf1 (32. Qd7
Rxd1+ 33. Rxd1 Bxd4 34. Rxd4 Nf6 35. Qa4 Qxh3) 32... Qxd2 33. Nb3 Qg2 $19)
28... Qd6 29. Qa4 (29. Qa6 Qd7 $19) 29... Qd8 $1 {/\Qxh4-+, z.B.} 30. Rg2 Qxh4
31. Ng1 Bxd4 32. Qxd4+ Qxd4 33. Rxd4 Re1+ 34. Ka2 Rf1 $19) 26... Nd2+ 27. Nxd2
Qxd4 $19 0-1

[Event "Slavia Hradec Kralove-12 1977/78"]
[Site "Hradec Kralove"]
[Date "1978.01.01"]
[Round "7"]
[White "Moehring, Guenther"]
[Black "Knezevic, Milorad"]
[Result "1-0"]
[WhiteElo "2405"]
[BlackElo "2505"]
[Annotator "Moehring,G"]
[PlyCount "85"]
[EventDate "1977.12.26"]
[EventType "tourn"]
[EventRounds "11"]
[EventCountry "CSR"]
[EventCategory "7"]
[SourceTitle "EXT 2007"]
[Source "ChessBase"]
[SourceDate "2006.11.23"]
[SourceVersion "1"]
[SourceVersionDate "2006.11.23"]
[SourceQuality "1"]

1. d4 f5 2. Nc3 g6 (2... d5 $6 3. e4 $1 dxe4 (3... fxe4 $2 4. Qh5+ $16) 4. f3
$44 (4. Bg5 $44)) 3. h4 $5 Nf6 4. h5 $5 Bg7 $6 (4... Nxh5 5. Rxh5 gxh5 6. e4 $1
$44) 5. h6 Bf8 6. Bg5 d5 7. Qd2 e6 8. O-O-O Bb4 (8... Be7) 9. f3 O-O (9... Bxc3
10. Qxc3 Ne4 11. fxe4 Qxg5+ 12. Kb1 $16) 10. Nh3 (10. e4 $2 Bxc3 11. Qxc3 Nxe4
$1) 10... c6 {1.02/0.40} 11. a3 $1 (11. e4 $2 Qa5 $1 $17) 11... Ba5 12. e4 $1
Bxc3 13. Qxc3 fxe4 14. Bxf6 Rxf6 15. fxe4 dxe4 16. Bc4 Nd7 17. Ng5 (17. Bxe6+
$2 Rxe6 18. d5 Re7 19. dxc6 bxc6 20. Qc4+ Kh8 $10) (17. d5 $2 exd5 18. Rxd5
cxd5 19. Bxd5+ Kh8 20. Ng5 Qe7 $17) (17. Rhf1 Qe7 $14 (17... Nb6 $2 18. d5 $1))
17... Qe7 18. Nxe4 Rf4 $5 19. Qe3 Rf8 20. Ng5 Nb6 {1.50/1.33} 21. Bxe6+ (21.
Bd3 Nd5 22. Qg3 $16) 21... Bxe6 22. Qxe6+ Qxe6 23. Nxe6 Rf2 24. Rd2 Rxd2 25.
Kxd2 Nc4+ 26. Kc3 Ne3 27. Kd3 $1 $16 {_|_} Nxg2 28. c4 Kf7 29. d5 b5 30. b3
bxc4+ 31. bxc4 cxd5 32. cxd5 Rb8 {2.14/2.13} 33. Ke4 $1 {/\ 34.Ng5, 34.Rh2} Ke7
34. Rh2 $1 (34. Ng5 Rf8 $1 35. Nxh7 Rf4+ 36. Kd3 Rf3+ 37. Ke2 Rf5) 34... Ne1
35. Re2 $18 (35. Ng5 $18) 35... Rb1 36. Ng5 Rd1 37. Nxh7 Nd3 38. Ng5 Kf6 39.
Rh2 $1 Nc5+ 40. Kf4 Rd4+ {2.29/2.25} 41. Ke3 {Abgabezug} (41. Kg3 $2 Kxg5 42.
h7 Rd3+ 43. Kf2 Rd2+ 44. Kg1 Rd1+ $10) 41... Rd3+ 42. Ke2 Rb3 (42... Rxa3 43.
Nf3 $1 Ra2+ 44. Nd2 Ne4 (44... Nb3 45. Kd3 $1) 45. Kd3 $1 Nc5+ (45... Nxd2 46.
h7) 46. Kc3) (42... Rxd5 43. h7 Rd8 (43... Re5+ 44. Kf3 Rf5+ 45. Kg2 Rxg5+ 46.
Kh1) 44. h8=Q+ Rxh8 45. Rxh8 Kxg5 46. Rc8) 43. Rh1 $1 {2:47-3:15} (43. Rh1 $1
Rb8 44. h7 $1 (44. Nf3 g5 45. Nd4 Kg6 46. h7 Rh8 47. Ne6 Nxe6 48. dxe6 Kf6 (
48... Kg7 49. e7 Kf7 $10 (49... Re8 50. h8=Q+)) 49. Kf3 Kxe6 50. Kg4 Kf6 51.
Rh6+ Kg7 $10) 44... Rh8 (44... Kg7 $2 45. Nf7 $1) 45. Rg1 $8 {/\ Ke3} (45. Nf3
Kg7)) (43. Nf3 Rb8 {/\ g5}) 1-0